| 000 | 00527nam a2200193Ia 4500 | ||
|---|---|---|---|
| 005 | 20250923144349.0 | ||
| 008 | 008 250917s9999 xx 000 0 eng d | ||
| 037 | _aTextual | ||
| 040 |
_aDSWL _beng _cDSWL |
||
| 041 |
_aeng _2eng |
||
| 084 |
_aX:96:3:N2, J0 _qDSWL |
||
| 100 |
_aWess, Sidney _9824132 |
||
| 245 | 0 |
_aHistory of trade unionism _cby Sidney Wess |
|
| 260 |
_aLondon _c1950 |
||
| 300 | _a784 p. | ||
| 700 |
_a Beatrice _9824133 |
||
| 942 |
_cTEXL _hX:96:3:N2, J0 |
||
| 999 |
_c1437942 _d1437942 |
||